Directors by Picture #2 - Statistics

General Stats
  • This quiz has been taken 134 times
  • The average score is 9 of 16
Answer Stats
Picture Answer % Correct
Quentin Tarantino
99%
Alfred Hitchcock
96%
Spike Lee
87%
Peter Jackson
84%
Orson Welles
67%
Ridley Scott
64%
David Fincher
63%
Kathryn Bigelow
63%
Hayao Miyazaki
61%
Damien Chazelle
51%
Robert Zemeckis
34%
Bryan Singer
31%
Darren Aronofsky
29%
David Cronenberg
29%
Frank Capra
21%
Milos Forman
11%
No matching quizzes found
Score Distribution
Percent of People with Each Score
Percentile by Number Answered
Your Score History
You have not taken this quiz